000 00296nam a22001337a 4500
008 180922b xxu||||| |||| 00| 0 eng d
020 _a0898383676
041 _aeng
080 _a617
100 _a6
101 _aANE
245 _aWhat's New in Anesthesiology
_cStanley, T.H
942 _2udc
_cBK
999 _c48270
_d48270